| 000 -LEADER |
| fixed length control field |
00983nam a2200253Ia 4500 |
| 001 - CONTROL NUMBER |
| control field |
18525 |
| 003 - CONTROL NUMBER IDENTIFIER |
| control field |
GE_BSU |
| 008 - FIXED-LENGTH DATA ELEMENTS--GENERAL INFORMATION |
| fixed length control field |
181216s||||||||xx |||||||||||||| ||und|| |
| 020 ## - INTERNATIONAL STANDARD BOOK NUMBER |
| International Standard Book Number |
9789941218040 |
| 040 ## - CATALOGING SOURCE |
| Transcribing agency |
GE_BSU |
| 100 ## - MAIN ENTRY--PERSONAL NAME |
| Personal name |
ბრონტე,ემილი. |
| 245 ## - TITLE STATEMENT |
| Title |
ქარიშხლიანი უღელტეხილი |
| 245 ## - TITLE STATEMENT |
| Remainder of title |
რომანი:წიგნი 42 |
| 245 ## - TITLE STATEMENT |
| Statement of responsibility, etc. |
ინგლ.თარგმნა ლევან ინასარიძემ;რედ:სალომე ნიკოლეიშვილი,ყდის დიზაინი:ეთო გზირიშვილი |
| 260 ## - PUBLICATION, DISTRIBUTION, ETC. |
| Place of publication, distribution, etc. |
თბილისი |
| 260 ## - PUBLICATION, DISTRIBUTION, ETC. |
| Name of publisher, distributor, etc. |
პალიტრაL |
| 260 ## - PUBLICATION, DISTRIBUTION, ETC. |
| Date of publication, distribution, etc. |
2015 |
| 300 ## - PHYSICAL DESCRIPTION |
| Extent |
343გვ;22სმ. |
| 300 ## - PHYSICAL DESCRIPTION |
| Other physical details |
ყდა ილუსტრირებული |
| 653 ## - INDEX TERM--UNCONTROLLED |
| Uncontrolled term |
რომანი |
| 653 ## - INDEX TERM--UNCONTROLLED |
| Uncontrolled term |
ქარიშხლიანი უღელტეხილი |
| 942 ## - ADDED ENTRY ELEMENTS (KOHA) |
| Koha item type |
წიგნი |